000
00260nam a2200097Ia 4500
008
120527s9999 xx 000 0 und d
100
_a
MARGOLIES,P.
245
_a
Always remember:A selection of panels created by and for??
260
_b
Fireside S&S
942
_c
BK
999
_c
24078
_d
24078